A Dictionary of construction, surveying and civil engineering (Record no. 114630)
[ view plain ]
| 000 -LEADER | |
|---|---|
| fixed length control field | 00717cam a22002295a 4500 |
| 001 - CONTROL NUMBER | |
| control field | L157151 |
| 008 - FIXED-LENGTH DATA ELEMENTS--GENERAL INFORMATION | |
| fixed length control field | 120910s2012 xxk f 000 0 eng d |
| 020 ## - INTERNATIONAL STANDARD BOOK NUMBER | |
| International Standard Book Number | 9780199534463 |
| 035 ## - SYSTEM CONTROL NUMBER | |
| System control number | (Sirsi) u157151 |
| 041 0# - LANGUAGE CODE | |
| Language code of text/sound track or separate title | eng |
| 050 04 - LIBRARY OF CONGRESS CALL NUMBER | |
| Classification number | 720.3 $2 18 |
| 100 1# - MAIN ENTRY--PERSONAL NAME | |
| Personal name | Gorse, Christopher |
| 245 02 - TITLE STATEMENT | |
| Title | A Dictionary of construction, surveying and civil engineering |
| 260 ## - PUBLICATION, DISTRIBUTION, ETC. | |
| Place of publication, distribution, etc. | Oxford |
| Name of publisher, distributor, etc. | OUP |
| Date of publication, distribution, etc. | 2012 |
| 300 ## - PHYSICAL DESCRIPTION | |
| Extent | 1 v. |
| Other physical details | ill. |
| Dimensions | 20cm. |
| 520 ## - SUMMARY, ETC. | |
| Summary, etc. | An A-Z dictionary of construction, surveying and civil engineering terms, including materials, equipment and tools. |
| 651 #4 - SUBJECT ADDED ENTRY--GEOGRAPHIC NAME | |
| Geographic name | United Kingdom |
| Chronological subdivision | |
| 690 ## - LOCAL SUBJECT ADDED ENTRY--TOPICAL TERM (OCLC, RLIN) | |
| Topical term or geographic name as entry element | Construction management |
| 9 (RLIN) | 6230 |
| 700 1# - ADDED ENTRY--PERSONAL NAME | |
| Personal name | Johnston, David |
| 700 1# - ADDED ENTRY--PERSONAL NAME | |
| Personal name | Pritchard, Martin |
| 942 ## - ADDED ENTRY ELEMENTS (KOHA) | |
| Suppress in OPAC | 0 |
| Withdrawn status | Lost status | Source of classification or shelving scheme | Damaged status | Not for loan | Home library | Current library | Shelving location | Date acquired | Cost, normal purchase price | Total Checkouts | Full call number | Barcode | Date last seen | Copy number | Cost, replacement price | Price effective from | Koha item type |
|---|---|---|---|---|---|---|---|---|---|---|---|---|---|---|---|---|---|
| Dewey Decimal Classification | London | London | Books | 20/11/2012 | 8.08 | 720.3 GOR | 30077499 | 06/08/2019 | 1 | 8.08 | 06/08/2019 | Book |